000 00312nam a2200133Ia 4500
005 20251222155103.0
008 251222s9999||||xx |||||||||||||| ||spa||
082 _aAN.02
100 _aHERSKOVITS Melville.
245 0 _aEl Hombre y sus Obras
250 _a7ma. ed.
264 _bFondo de Cultura
942 _cLIB
999 _c37750
_d37750